<?xml version="1.0" encoding="UTF-8"?>
<record
    xmlns:xsi="http://www.w3.org/2001/XMLSchema-instance"
    xsi:schemaLocation="http://www.loc.gov/MARC21/slim http://www.loc.gov/standards/marcxml/schema/MARC21slim.xsd"
    xmlns="http://www.loc.gov/MARC21/slim">

  <leader>01111nam2a22002291  4500</leader>
  <controlfield tag="001">rc\3937320</controlfield>
  <controlfield tag="005">20250610130440.0</controlfield>
  <datafield tag="035" ind1=" " ind2=" ">
    <subfield code="a">(NLR Aleph) 007918141</subfield>
  </datafield>
  <datafield tag="090" ind1=" " ind2=" ">
    <subfield code="a">8140480</subfield>
    <subfield code="c">8140480</subfield>
  </datafield>
  <datafield tag="100" ind1=" " ind2=" ">
    <subfield code="a">20130415d1951    |||y0rusy50      ca</subfield>
  </datafield>
  <datafield tag="101" ind1="0" ind2=" ">
    <subfield code="a">rus</subfield>
  </datafield>
  <datafield tag="102" ind1=" " ind2=" ">
    <subfield code="a">RU</subfield>
  </datafield>
  <datafield tag="105" ind1=" " ind2=" ">
    <subfield code="a">y   z   |||||</subfield>
  </datafield>
  <datafield tag="200" ind1="1" ind2=" ">
    <subfield code="a">&#x411;&#x43E;&#x440;&#x44C;&#x431;&#x430; &#x441; &#x441;&#x43E;&#x440;&#x43D;&#x44F;&#x43A;&#x430;&#x43C;&#x438;</subfield>
    <subfield code="e">[&#x423;&#x447;&#x435;&#x431;. &#x43F;&#x43E;&#x441;&#x43E;&#x431;&#x438;&#x435;]</subfield>
  </datafield>
  <datafield tag="210" ind1=" " ind2=" ">
    <subfield code="d">1951</subfield>
    <subfield code="a">&#x411;. &#x43C;.</subfield>
  </datafield>
  <datafield tag="461" ind1=" " ind2="0">
    <subfield code="1">001rc\3937311</subfield>
    <subfield code="1">2001#$a&#x412; &#x43F;&#x43E;&#x43C;&#x43E;&#x449;&#x44C; &#x430;&#x433;&#x440;&#x43E;&#x442;&#x435;&#x445;&#x43D;&#x438;&#x447;&#x435;&#x441;&#x43A;&#x438;&#x43C; &#x442;&#x440;&#x435;&#x445;&#x43B;&#x435;&#x442;&#x43D;&#x438;&#x43C; &#x43A;&#x443;&#x440;&#x441;&#x430;&#x43C;$e&#x41F;&#x435;&#x440;&#x432;&#x44B;&#x439; &#x433;&#x43E;&#x434; &#x43E;&#x431;&#x443;&#x447;&#x435;&#x43D;&#x438;&#x44F;$e&#x422;&#x435;&#x43C;&#x430; 1-$f&#x41C;-&#x432;&#x43E; &#x441;&#x435;&#x43B;. &#x445;&#x43E;&#x437;-&#x432;&#x430; &#x41C;&#x421;&#x421;&#x420;. &#x423;&#x43F;&#x440;. &#x441;.-&#x445;. &#x43F;&#x440;&#x43E;&#x43F;&#x430;&#x433;&#x430;&#x43D;&#x434;&#x44B;$v&#x422;&#x435;&#x43C;&#x430; 10</subfield>
    <subfield code="9">8140431</subfield>
    <subfield code="c">&#x41A;&#x438;&#x448;&#x438;&#x43D;&#x435;&#x432;</subfield>
    <subfield code="d">1951</subfield>
    <subfield code="f">&#x41C;-&#x432;&#x43E; &#x441;&#x435;&#x43B;. &#x445;&#x43E;&#x437;-&#x432;&#x430; &#x41C;&#x421;&#x421;&#x420;. &#x423;&#x43F;&#x440;. &#x441;.-&#x445;. &#x43F;&#x440;&#x43E;&#x43F;&#x430;&#x433;&#x430;&#x43D;&#x434;&#x44B;</subfield>
    <subfield code="n">&#x413;&#x43E;&#x441;. &#x438;&#x437;&#x434;-&#x432;&#x43E; &#x41C;&#x43E;&#x43B;&#x434;&#x430;&#x432;&#x438;&#x438;</subfield>
    <subfield code="o">&#x41F;&#x435;&#x440;&#x432;&#x44B;&#x439; &#x433;&#x43E;&#x434; &#x43E;&#x431;&#x443;&#x447;&#x435;&#x43D;&#x438;&#x44F; : &#x422;&#x435;&#x43C;&#x430; 1-</subfield>
    <subfield code="t">&#x412; &#x43F;&#x43E;&#x43C;&#x43E;&#x449;&#x44C; &#x430;&#x433;&#x440;&#x43E;&#x442;&#x435;&#x445;&#x43D;&#x438;&#x447;&#x435;&#x441;&#x43A;&#x438;&#x43C; &#x442;&#x440;&#x435;&#x445;&#x43B;&#x435;&#x442;&#x43D;&#x438;&#x43C; &#x43A;&#x443;&#x440;&#x441;&#x430;&#x43C;</subfield>
    <subfield code="v">&#x422;&#x435;&#x43C;&#x430; 10</subfield>
  </datafield>
  <datafield tag="700" ind1=" " ind2="1">
    <subfield code="a">&#x41A;&#x438;&#x441;&#x435;&#x43B;&#x435;&#x432;</subfield>
    <subfield code="b">&#x410;.&#x41D;.</subfield>
  </datafield>
  <datafield tag="801" ind1=" " ind2="0">
    <subfield code="a">RU</subfield>
    <subfield code="b">NLR</subfield>
    <subfield code="g">psbo</subfield>
  </datafield>
  <datafield tag="801" ind1=" " ind2="1">
    <subfield code="a">RU</subfield>
    <subfield code="b">ELAR</subfield>
    <subfield code="2">rusmarc</subfield>
  </datafield>
  <datafield tag="852" ind1=" " ind2=" ">
    <subfield code="a">NLR</subfield>
    <subfield code="j">&#x421;10 &#x413;-6/63</subfield>
  </datafield>
  <datafield tag="942" ind1=" " ind2=" ">
    <subfield code="c">BOOK</subfield>
  </datafield>
  <datafield tag="980" ind1=" " ind2=" ">
    <subfield code="a">NB</subfield>
  </datafield>
  <datafield tag="995" ind1=" " ind2=" ">
    <subfield code="5">2013-10-26</subfield>
    <subfield code="b">NLR02</subfield>
    <subfield code="c">NLR02</subfield>
    <subfield code="e">RFS</subfield>
    <subfield code="f">7918141-10</subfield>
    <subfield code="k">&#x421;10 &#x413;-6/63</subfield>
    <subfield code="o">0</subfield>
    <subfield code="r">BOOK</subfield>
    <subfield code="s">10_663</subfield>
  </datafield>
</record>
